000 00538nam a22001817a 4500
003 CEME
005 20210628202805.0
008 210120b xxu||||| |||| 00| 0 eng d
020 _a969-8961-01-1
040 _cceme
082 _a378.5491 MAN
100 _aIsani, U.A.G.Dr , Mohammad Latif Virk. Dr
_961647
245 _aManual of university laws in pakistan
260 _aKARACHI
_bIQRA UNIVERSITY
_c2006
300 _a3 VOLS
650 _aMANUAL OF UNIVERSITY LAWS IN PAKISTAN.UNIVERSITY LAWS IN PAKISTAN
_961648
942 _cBK
_2ddc
999 _c571032
_d571032